{"text_format":"3","workbook":"xls","n_sheets":1,"sheets":["Sheet1"],"not_rendered":{"external_links":1,"defined_names":1},"read":"whole","date_system":"1900","formulas":"cached_only"}

{"sheet":"Sheet1","index":0,"n_rows":165,"n_cols":8,"rows_kept":165,"merged":[[0,0,0,7],[161,5,161,6],[162,5,162,6],[163,5,163,6],[164,0,164,7],[165,0,165,7]],"flags":["formulas_cached_only"]}
["开平市中心医院2025-2026年度印刷服务采购需求报价表"]
["序号","品名","印刷服务技术参数","规格","单位","年度预计数量","最高限价","最高限价合计金额"]
[1,"广东门急诊病历","封面157克双铜铜版纸、双色印刷、封面背面印医院简介和出诊表（半年更新一次）、内页70克双胶纸、双面印刷、20P","成品尺寸：21*28.5CM","本",124660,{"v":0.8,"d":"0.80"},{"v":99728,"d":"99728.00"}]
[2,"体检中心热熔封套","纸质:300G 单铜纸\n颜色:四色双面彩印\n胶条:3MM网状贴胶，脊背有热熔封胶胶条，封口处有双面胶\n工艺:封面过光油+烫金+压纹+开口+易撕双面胶保密+设计面版\n尺寸:用于封装A4纸打印的体检报告\n配套使用工具:履约期内配套热熔封机2台，热熔封机维修更换均有中标公司负责，履约期结束归还","成品尺寸：21*29.7CM","个",20000,1.28,{"v":25600,"d":"25600.00"}]
[3,"（1号）内服中药袋（常用）","80克牛皮纸、印黑墨、折角、尺寸：23.5*29.8CM，展开成袋子尺寸13.5*10*29.8CM（长宽高）","尺寸：23.5*29.8CM，展开成袋子尺寸13.5*10*29.8CM（长宽高）","个",27000,0.32,{"v":8640,"d":"8640.00"}]
[4,"（2号）外用中药袋（有服法）","80克正度牛皮纸、印红墨、折角、尺寸：23.5*29.8CM，展开成袋子尺寸13.5*10*29.8CM（长宽高）","尺寸：23.5*29.8CM，展开成袋子尺寸13.5*10*29.8CM（长宽高）","个",5000,0.32,{"v":1600,"d":"1600.00"}]
[5,"（3号）内服中药袋","80克牛皮纸、印黑墨、直角","成品尺寸：21*30CM","个",2000,0.26,{"v":520,"d":"520.00"}]
[6,"（4号）内服中药袋（有服法）","80克牛皮纸、印黑墨、折角、尺寸：23.5*29.8CM，展开成袋子尺寸13.5*10*29.8CM（长宽高）","尺寸：23.5*29.8CM，展开成袋子尺寸13.5*10*29.8CM（长宽高）","个",2000,0.32,{"v":640,"d":"640.00"}]
[7,"（5号）内服中药袋","80克牛皮纸、直角、印黑墨","成品尺寸：18.2*25CM","个",38000,0.18,{"v":6840,"d":"6840.00"}]
[8,"（6号）内服中药袋（有小字）","80克牛皮纸、直角、印黑墨","成品尺寸：18.2*25CM","个",2000,0.15,{"v":300,"d":"300.00"}]
[9,"（7号）内服中药袋（无服法）","80克牛皮纸、直角、印黑墨","成品尺寸：18.2*25CM","个",2000,0.15,{"v":300,"d":"300.00"}]
[10,"（8号）内服中药袋（无服法）","80克正度牛皮纸、印黑墨、直角","成品尺寸：21*30CM","个",2000,0.15,{"v":300,"d":"300.00"}]
[11,"（9号）外用中药袋","80克牛皮纸、印红墨、直角  ","成品尺寸：18.2*25CM","个",2000,0.15,{"v":300,"d":"300.00"}]
[12,"（10号）内服中药袋","80克牛皮纸、印黑墨、直角  ","成品尺寸：13.5*20CM","个",2000,0.13,{"v":260,"d":"260.00"}]
[13,"（11号）内服中药袋","80克牛皮纸、折角、尺寸：30*35CM，展开成袋子尺寸18*12*35CM（长宽高）","尺寸：30*35CM，展开成袋子尺寸18*12*35CM（长宽高）","个",2000,0.32,{"v":640,"d":"640.00"}]
[14,"（12号）内服中药袋","80克牛皮纸、直角、印黑墨、印1字","成品尺寸：18.2*25CM","个",2000,0.27,{"v":540,"d":"540.00"}]
[15,"（13号）内服中药袋","80克牛皮纸、印黑墨、折角、尺寸：26*31CM、展开成袋子尺寸16*10*31CM（长宽高）","尺寸：26*31CM、展开成袋子尺寸16*10*31CM（长宽高）","个",3000,{"v":0.3,"d":"0.30"},{"v":900,"d":"900.00"}]
[16,"（14号）外用中药袋","80克牛皮纸、印红墨、直角","成品尺寸：21*30CM","个",6000,0.26,{"v":1560,"d":"1560.00"}]
[17,"（15号）外用中药袋（有服法）","80克牛皮纸、印红墨、折角、尺寸：26*31CM、展开成袋子尺寸16*10*31CM（长宽高）","尺寸：26*31CM、展开成袋子尺寸16*10*31CM（长宽高）","个",4000,0.32,{"v":1280,"d":"1280.00"}]
[18,"病案袋（大号）","100克牛皮纸、印红墨","成品尺寸：24*36CM","个",3360,0.31,{"v":1041.6,"d":"1041.60"}]
[19,"病案袋（中号）","100克牛皮纸、印红墨","成品尺寸：24*31.5CM","个",2000,0.31,{"v":620,"d":"620.00"}]
[20,"大信封","100克牛皮纸、双色印","成品尺寸：22.6*16.2CM","个",1000,{"v":0.2,"d":"0.20"},{"v":200,"d":"200.00"}]
[21,"小信封","100克牛皮纸、双色印","成品尺寸：17.5*12.5CM","个",1000,0.15,{"v":150,"d":"150.00"}]
[22,"中心医院医疗废物贴纸","水特光不干胶","成品尺寸：9.5*6.5CM","张",56100,{"v":0.1,"d":"0.10"},{"v":5610,"d":"5610.00"}]
[23,"MRI预约登记表","70克双胶纸、50页/本、彩色单面印","成品尺寸：21*29.7CM","本",407,2.28,{"v":927.9599999999999,"d":"927.96"}]
[24,"江门市母子健康手册","封面200克双铜铜版纸、内页80克双胶纸、彩色印刷双面印、打骑马钉、20P（每年由江门市卫生健康局发布当年的内容）","成品尺寸：21*29.7CM","本",2060,{"v":1.8,"d":"1.80"},{"v":3708,"d":"3708.00"}]
[25,"科室医院感染管理记录册","封面230克浅蓝色皮纹纸，内页70克双胶、双面印刷、96P（每年由医院感染管理办公室编制当年的内容）","成品尺寸：21*29.7CM","本",100,{"v":9.6,"d":"9.60"},{"v":960,"d":"960.00"}]
[26,"临床支持中心工作确认书","无碳纸上白、下红、50份/本、有编码","成品尺寸：12*9CM","本",1500,2.07,{"v":3104.9999999999995,"d":"3105.00"}]
[27,"一览表牌仔","300克白板纸、四色印","成品尺寸：3.5*4.3CM","张",45700,0.05,{"v":2285,"d":"2285.00"}]
[28,"入院通知单（新版）","70克双胶纸、50页/本、双面印、正反面内容不同","成品尺寸：21*14.8CM","本",807,0.91,734.37]
[29,"使用一次性医疗用品知情同意书","60克双胶纸、50页/本","成品尺寸：21*29.7CM","本",681,1.37,932.97]
[30,"磁共振(MRI)增强检查知情同意书","70克双胶纸、50页/本、彩色单面印","成品尺寸：21*29.7CM","本",208,1.36,282.88]
[31,"床头卡","300克白板纸、四色印","成品尺寸：5.3*9.2CM","个",40000,0.06,{"v":2400,"d":"2400.00"}]
[32,"广东省非免疫规划疫苗接种知情同意书（人用狂犬病疫苗）","70克双胶纸、50页/本、双面印刷（根据国家发布更新）","成品尺寸：21*29.7CM","本",140,{"v":3,"d":"3.00"},{"v":420,"d":"420.00"}]
[33,"检验张贴单","70g双胶、印红墨、50页/本","成品尺寸：19*26.7CM","本",458,1.26,577.08]
[34,"医患双方不收和不送红包承诺书","60克双胶、50页/本","成品尺寸：19*26.7CM","本",462,1.06,489.72]
[35,"入院登记本","封面150克牛皮纸、内页70克双胶纸、50页/本（封面、内文印蓝墨）","成品尺寸：21*29.7CM","本",126,{"v":3,"d":"3.00"},{"v":378,"d":"378.00"}]
[36,"妊娠期糖尿病(GDM）健康教育手册","封面128克双铜铜版纸（封面彩色印刷）、1-2页四色、内页128克铜版纸、双面印、30P、打骑马钉","成品尺寸：26*18.5CM","本",250,{"v":2,"d":"2.00"},{"v":500,"d":"500.00"}]
[37,"医疗设备日常使用情况登记本","封面200克单铜、彩色印刷、内页70克双胶纸、双面印、打骑马钉","成品尺寸：21*14.8CM","本",300,{"v":3,"d":"3.00"},{"v":900,"d":"900.00"}]
[38,"住院病人离院责任书","60克双胶纸、100页/本","成品尺寸：19*26.7CM","本",205,2.34,{"v":479.7,"d":"479.70"}]
[39,"医疗设备维修登记本","封面200克双铜铜版纸、彩色印刷、内页80克双胶纸、双面印、26页/本、打骑马钉","成品尺寸：21*29.7CM","本",215,{"v":2,"d":"2.00"},{"v":430,"d":"430.00"}]
[40,"细菌培养","60克双胶纸、100页/本","成品尺寸：15*10.5CM","本",325,1.24,{"v":403,"d":"403.00"}]
[41,"药品收支登记卡","140克双胶纸、双面印、左边打四个6厘孔","成品尺寸：21*29.7CM","张",9400,0.12,{"v":1128,"d":"1128.00"}]
[42,"真菌培养","60克双胶纸、100页/本","成品尺寸：10.5*10.5CM","本",325,1.08,{"v":351,"d":"351.00"}]
[43,"转运病人护理交接记录表","70克双胶纸、双面印刷、50页/本","成品尺寸：21*29.7CM","本",216,1.97,425.52]
[44,"门（急）诊手术知情同意书","70克双胶纸、50页/本、单面印刷","成品尺寸：21*29.7CM","本",120,{"v":3,"d":"3.00"},{"v":360,"d":"360.00"}]
[45,"检验登记本","封面350克单铜、彩色印刷、内页上白、中红、下黄无碳纸、33份/本、有编码","成本尺寸：44*23.8CM","本",100,9.22,{"v":922.0000000000001,"d":"922.00"}]
[46,"消化内镜检查同意书","70克双胶纸、50页/本","成品尺寸：19*26.7CM","本",204,1.76,359.04]
[47,"紫外线灯消毒使用登记部","封面250克双铜铜版纸、内文80克双胶、打平钉、32P（每年由护理部编制当年的内容）","成品尺寸：21*29.7CM","本",240,{"v":3,"d":"3.00"},{"v":720,"d":"720.00"}]
[48,"抢救车物品检查记录表","封面250克双铜铜版纸、内文80克双胶、双面印、打平钉、68P（横向印）（每年由护理部编制当年的内容）","成品尺寸：21*29.7CM","本",60,{"v":6.5,"d":"6.50"},{"v":390,"d":"390.00"}]
[49,"空气消毒机检查记录本","封面250克双铜铜版纸、内文80克双胶纸、48P、打骑马钉（横向印）（每年由护理部编制当年的内容）","成品尺寸：21*29.7CM","本",70,{"v":5,"d":"5.00"},{"v":350,"d":"350.00"}]
[50,"剧毒麻高危险药品使用登记","封面250克双铜铜版纸、内文80克双胶纸、打平钉（1-36页内容相同、37页黄色、39-67页内容相同）（有页码、67P）（每年由护理部编制当年的内容）","成品尺寸：21*29.7CM","本",20,{"v":4,"d":"4.00"},{"v":80,"d":"80.00"}]
[51,"护理工作质量持续改进记录本","封面250克双铜铜版纸、内文80克双胶纸、打平钉（1-4页为1月份、14个月份/本）封面浅绿色、（30页/本）（每年由护理部编制当年的内容）","成品尺寸：21*29.7CM","本",40,{"v":4,"d":"4.00"},{"v":160,"d":"160.00"}]
[52,"冰箱冷藏室温度检测记录表","封面250克双铜铜版纸、内文80克双胶、打平钉、52页/本（横向印）（每年由护理部编制当年的内容）","成品尺寸：21*29.7CM","本",80,{"v":5,"d":"5.00"},{"v":400,"d":"400.00"}]
[53,"抢救车物品检查记录表","封面250克双铜铜版纸、内文80克双胶纸、打平钉1、2、3各1页、内页按月份、每月5P（横向印）、68P（每年由护理部编制当年的内容）","成品尺寸：21*29.7CM","本",40,{"v":6.5,"d":"6.50"},{"v":260,"d":"260.00"}]
[54,"医疗废物交接本（护士--清洁工）","封面250克双铜铜版纸、内文80克双胶纸、打骑马钉（横向印）、28页/本（每年由护理部编制当年的内容）","成品尺寸：21*29.7CM","本",60,{"v":3,"d":"3.00"},{"v":180,"d":"180.00"}]
[55,"医疗废物交接本（清洁工--转运工人）","封面250克双铜铜版纸、内文80克双胶纸、单面印刷、打骑马钉（横向印）、28页/本（每年由护理部编制当年的内容）","成品尺寸：21*29.7CM","本",50,{"v":3,"d":"3.00"},{"v":150,"d":"150.00"}]
[56,"危急值报告登记本","封面250克双铜铜版纸、内文80克双胶纸、打平钉（横向印）目录在封面2、1、2、3各1页、68P（每年由护理部编制当年的内容）","成品尺寸：21*29.7CM","本",40,{"v":6.5,"d":"6.50"},{"v":260,"d":"260.00"}]
[57,"住院危急值报告登记本","封面250克双铜铜版纸、内文80克双胶、打平钉（横向印）前7P、50页/本（每年由护理部编制当年的内容）","成品尺寸：21*29.7CM","本",30,{"v":1.2,"d":"1.20"},{"v":36,"d":"36.00"}]
[58,"科室护理工作综合记录本","封面250克双铜铜版纸、内文80克双胶、打骑马钉（目录1）、双面印刷、14页/本、按月份排（每年由护理部编制当年的内容）","成品尺寸：21*29.7CM","本",20,{"v":1.5,"d":"1.50"},{"v":30,"d":"30.00"}]
[59,"护理教学记录本","封面250克双铜铜版纸、内文80克双胶纸、双面印刷、打平钉（目录在封面2）、61P（每年由护理部编制当年的内容）","成品尺寸：21*29.7CM","本",35,{"v":6,"d":"6.00"},{"v":210,"d":"210.00"}]
[60,"护士长工作手册","封面250克双铜铜版纸、内文80克双胶纸、双面印刷、打平钉封面蓝色、88P（每年由护理部编制当年的内容）","成品尺寸：21*29.7CM","本",30,{"v":8.5,"d":"8.50"},{"v":255,"d":"255.00"}]
[61,"输液输血观察记录表","60克双胶纸、50页/本","成品尺寸：21*14.8CM","本",320,1.19,{"v":380.79999999999995,"d":"380.80"}]
[62,"急性胸痛患者时间管理表（双面印版）","70克双胶纸、彩色双面印、50页/本","成品尺寸：21*29.7CM","本",80,{"v":4,"d":"4.00"},{"v":320,"d":"320.00"}]
[63,"急性胸痛患者时间管理表（单面印版）","70克双胶纸、彩色单面印刷 、50页/本","成品尺寸：21*29.7CM","本",10,{"v":4,"d":"4.00"},{"v":40,"d":"40.00"}]
[64,"门诊注射单","55克双胶纸、50页/本","成品尺寸：21*14.8CM","本",250,0.99,{"v":247.5,"d":"247.50"}]
[65,"指挥调度员值班交班本","封面150克牛皮纸、内页70克双胶纸、双面印刷、（70页/本）","成品尺寸：21*29.7CM","本",46,{"v":4.5,"d":"4.50"},{"v":207,"d":"207.00"}]
[66,"病情记录单","70克双胶纸、单面印刷、50页/本","成品尺寸：19*26.7CM","本",105,{"v":3,"d":"3.00"},{"v":315,"d":"315.00"}]
[67,"护士规范化培训手册","封面200克单铜、彩色印刷、内页70克双胶纸、双面印、打骑马钉48P","成品尺寸：21*29.7CM","本",40,{"v":5,"d":"5.00"},{"v":200,"d":"200.00"}]
[68,"护士值班报告","80克双胶、50页/本、双面印","成品尺寸：19*26.7CM","本",120,{"v":3,"d":"3.00"},{"v":360,"d":"360.00"}]
[69,"术前准备指导/术前单","70克双胶、50页/本、单面印刷","成品尺寸：19*26.7CM","本",90,{"v":3,"d":"3.00"},{"v":270,"d":"270.00"}]
[70,"麻醉、第一类精神药品专用账","封面150克牛皮纸、内文70克双胶纸、30页/本、单面印","成品尺寸：21*29.7CM","本",51,{"v":3,"d":"3.00"},{"v":153,"d":"153.00"}]
[71,"术前签名表","55克双胶纸、50份/本","成品尺寸：19*26.7CM","本",146,{"v":3,"d":"3.00"},{"v":438,"d":"438.00"}]
[72,"病理活体组织送检单","70g双胶纸，50页/本，打2个8厘米孔","成品尺寸：21*29.7CM","本",108,0.72,{"v":77.75999999999999,"d":"77.76"}]
[73,"手术收费单","60克双胶纸、50页/本、印红墨","成品尺寸：21*29.7CM","本",150,{"v":3,"d":"3.00"},{"v":450,"d":"450.00"}]
[74,"广东省狂犬病被动免疫制剂使用知情同意书","无碳纸、上白、下红、25份/本（根据国家发布更新）","成品尺寸：21*29.7CM","本",70,{"v":4,"d":"4.00"},{"v":280,"d":"280.00"}]
[75,"含氯消毒剂浓度监测本（保洁员版）","封面200克单铜、彩色印刷、内页80克双胶纸、双面印、打骑马钉、30页/本","成品尺寸：21*29.7CM","本",56,{"v":3.5,"d":"3.50"},{"v":196,"d":"196.00"}]
[76,"含氯消毒剂浓度监测本（护理人员版）","封面200克单铜、彩色印刷、内页80克双胶纸、双面印、打骑马钉、30页/本","成品尺寸：21*29.7CM","本",50,{"v":3.5,"d":"3.50"},{"v":175,"d":"175.00"}]
[77,"退药申请单","60克双胶纸、单面印、50页/本","成品尺寸：21*14.8CM","本",143,{"v":2,"d":"2.00"},{"v":286,"d":"286.00"}]
[78,"固定资产设备报废表（新版A4）","无碳纸、上白、下绿、33份/本","成品尺寸：21*29.7CM","本",57,{"v":6,"d":"6.00"},{"v":342,"d":"342.00"}]
[79,"处方笺（精二）","55克双胶、100页/本","成品尺寸：21*14.8CM","本",100,{"v":3,"d":"3.00"},{"v":300,"d":"300.00"}]
[80,"透析机使用登记本","封面200克单铜、彩色印刷、内页70克双胶纸、12页/本、双面印、打骑马钉","成品尺寸：21*14.8CM","本",100,{"v":1,"d":"1.00"},{"v":100,"d":"100.00"}]
[81,"问卷调查表","55克双胶纸、50页/本","成品尺寸：19*26.7CM","本",103,{"v":3,"d":"3.00"},{"v":309,"d":"309.00"}]
[82,"硼酸滴耳液盒","250克白板纸、双色印刷、日期漏白、（单白 ）、能折叠成小盒子","成品尺寸：2.6*2.6*6.2CM（长*宽*高）","个",1100,0.04,{"v":44,"d":"44.00"}]
[83,"放射治疗记录簿","350克牛皮纸","成品尺寸：23*31.5CM","张",138,{"v":0.5,"d":"0.50"},{"v":69,"d":"69.00"}]
[84,"留置DJ管患者健康随访表（患者）","70克双胶纸、单面印刷、50页/本","成品尺寸：21*29.7CM","本",40,{"v":3,"d":"3.00"},{"v":120,"d":"120.00"}]
[85,"遗体接运表","无碳纸、上白、下红、20份/本","成品尺寸：21*29.7CM","本",58,{"v":4,"d":"4.00"},{"v":232,"d":"232.00"}]
[86,"告知书","60克双胶纸、50页/本、印二维码","成品尺寸：21*29.7CM","本",93,{"v":3,"d":"3.00"},{"v":279,"d":"279.00"}]
[87,"外五科住院病人健康教育计划","70克双胶纸、50页/本","成品尺寸：19*26.7CM","本",66,{"v":3,"d":"3.00"},{"v":198,"d":"198.00"}]
[88,"处方单（麻精二）","55克双胶纸、100页/本、印编码","成品尺寸：21*14.8CM","本",100,4.37,{"v":437,"d":"437.00"}]
[89,"处方笺（粉色）","55克粉红色书写、印编码","成品尺寸：21*14.8CM","本",100,4.37,{"v":437,"d":"437.00"}]
[90,"处方笺（急诊）","55克黄色书写、印编码","成品尺寸：21*14.8CM","本",100,4.37,{"v":437,"d":"437.00"}]
[91,"普通处方(新)","55克双胶纸、100页/本","成品尺寸：21*14.8CM","本",100,4.37,{"v":437,"d":"437.00"}]
[92,"转运病人护理交接记录表","70克双胶纸、双面印刷、50页/本","成品尺寸：21*29.7CM","本",92,{"v":3,"d":"3.00"},{"v":276,"d":"276.00"}]
[93,"压力蒸汽灭菌过程监测记录簿","封面200克双铜铜版纸、内页70克双胶纸、双面印、打平钉、50页/本","成品尺寸：21*29.7CM","本",58,{"v":5,"d":"5.00"},{"v":290,"d":"290.00"}]
[94,"护理操作知情同意书","70双胶纸、50页/本","成品尺寸：21*29.7CM","本",110,{"v":3,"d":"3.00"},{"v":330,"d":"330.00"}]
[95,"检验科服务台登记本","60克双胶纸、单面印、100页/本","成品尺寸：21*9.8CM","本",100,{"v":3,"d":"3.00"},{"v":300,"d":"300.00"}]
[96,"X光登记卡","55克双胶纸、50页/本、印红墨","成品尺寸：9*7.5CM","本",300,0.58,{"v":174,"d":"174.00"}]
[97,"内五科实时护理记录","70克双胶纸、单面印、50页/本","成品尺寸：19*26.7CM","本",54,{"v":3,"d":"3.00"},{"v":162,"d":"162.00"}]
[98,"劝阻住院患者外出告知书","70克双胶纸、单面印、50页/本","成品尺寸：19*26.7CM","本",54,{"v":3,"d":"3.00"},{"v":162,"d":"162.00"}]
[99,"胎儿胎心率电子监护报告单","55克双胶纸、50页/本","成品尺寸：21*14.8CM","本",100,{"v":2,"d":"2.00"},{"v":200,"d":"200.00"}]
[100,"开平市中心医院住院病人入出院登记册","封面150克牛皮纸、封面印红墨、内页70双胶纸、50页/本","成品尺寸：21*29.7CM","本",50,{"v":3,"d":"3.00"},{"v":150,"d":"150.00"}]
[101,"脑卒中风险筛查评级评录表","60克双胶纸、100页/本、单面印","成品尺寸：19*26.7CM","本",60,{"v":5,"d":"5.00"},{"v":300,"d":"300.00"}]
[102,"使用一次性医疗用品知情同意书","60克双胶纸、50页/本","成品尺寸：21*29.7CM","本",100,{"v":3,"d":"3.00"},{"v":300,"d":"300.00"}]
[103,"检验申请单","55克双胶纸、100页/本、印红墨、印编码","成品尺寸：21*29.7CM","本",100,{"v":3.4,"d":"3.40"},{"v":340,"d":"340.00"}]
[104,"患者入院基本信息补充表","60克双胶、50页/本","成品尺寸：19*26.7CM","本",70,{"v":3,"d":"3.00"},{"v":210,"d":"210.00"}]
[105,"使用肠内营养品知情同意书","70克双胶纸、50页/本","成品尺寸：21*14.8CM","本",100,{"v":2,"d":"2.00"},{"v":200,"d":"200.00"}]
[106,"护士职业生涯规划手册（护士）","封面250克双铜铜版纸、内文80克双胶纸、打骑马钉（1张+目录+41张内页）（每年由护理部编制当年的内容）","成品尺寸：21*29.7CM","本",120,{"v":4,"d":"4.00"},{"v":480,"d":"480.00"}]
[107,"护士职业生涯规划手册（主管护师）","封面250克双铜铜版纸、内文80克双胶纸、打骑马钉（1张+目录+41张内页）（每年由护理部编制当年的内容）","成品尺寸：21*29.7CM","本",50,{"v":4,"d":"4.00"},{"v":200,"d":"200.00"}]
[108,"麻醉收费单","70克双胶纸、单面印、50页/本","成品尺寸：21*29.7CM","本",50,{"v":3,"d":"3.00"},{"v":150,"d":"150.00"}]
[109,"消毒灭菌效果监测报告单","55克双胶纸、50份/本、印编码、印红墨","成品尺寸：21*9.8CM","本",100,2.72,{"v":272,"d":"272.00"}]
[110,"护士值班报告","80克双胶、50页/本、双面印","成品尺寸：19*26.7CM","本",50,{"v":3,"d":"3.00"},{"v":150,"d":"150.00"}]
[111,"麻醉收费单","70克双胶、单面印、50页/本","成品尺寸：21*29.7CM","本",50,{"v":3,"d":"3.00"},{"v":150,"d":"150.00"}]
[112,"出生缺陷综合防控项目产前筛查知情同意书","60克双胶纸、50页/本、双面印、正反不一致","成品尺寸：21*29.7CM","本",33,{"v":4,"d":"4.00"},{"v":132,"d":"132.00"}]
[113,"尿液记录卡","55克双胶纸、50页/本","成品尺寸：21*14.8CM","本",100,2.52,{"v":252,"d":"252.00"}]
[114,"医院文件头","80克华劲双胶、印红字","成品尺寸：21*29.7CM","张",1000,0.15,{"v":150,"d":"150.00"}]
[115,"肾内科门诊血压监测表","70克双胶纸、50页/本、双面印刷","成品尺寸：21*29.7CM","本",30,{"v":3,"d":"3.00"},{"v":90,"d":"90.00"}]
[116,"人员识别登记卡","60克双胶纸、50页/本","成品尺寸：21*29.7CM","本",40,{"v":3,"d":"3.00"},{"v":120,"d":"120.00"}]
[117,"手术用高值医疗耗材使用登记表","70双胶纸、50页/本、双面印","成品尺寸：21*29.7CM","本",20,{"v":3,"d":"3.00"},{"v":60,"d":"60.00"}]
[118,"患者就诊信息确认表","60克双胶纸、50页/本、单面印","成品尺寸：19*26.7CM","本",33,{"v":3,"d":"3.00"},{"v":99,"d":"99.00"}]
[119,"产前超声检查知情同意书","70克双胶纸、50页/本","成品尺寸：19*26.7CM","本",50,{"v":3,"d":"3.00"},{"v":150,"d":"150.00"}]
[120,"术后镇痛登记表","封面150克牛皮纸、内页80双胶纸、双面印刷 、50页/本","成品尺寸：21*29.7CM","本",17,{"v":4,"d":"4.00"},{"v":68,"d":"68.00"}]
[121,"健康教育执行单","70克双胶、50页/本、单面印","成品尺寸：21*29.7CM","本",22,{"v":3,"d":"3.00"},{"v":66,"d":"66.00"}]
[122,"基础护理护嘱单（新版）","70克双胶纸、单面印、50页/本、","成品尺寸：19*26.7CM","本",30,{"v":3,"d":"3.00"},{"v":90,"d":"90.00"}]
[123,"如何预防高血磷","70克双胶纸、单面印、50页/本","成品尺寸：19*26.7CM","本",30,{"v":3,"d":"3.00"},{"v":90,"d":"90.00"}]
[124,"腹膜透析床边记录本","70克双胶纸、单面印、50页/本","成品尺寸：21*29.7CM","本",30,{"v":3,"d":"3.00"},{"v":90,"d":"90.00"}]
[125,"门诊出诊表","60克双胶纸、单面印刷、50页/本","成品尺寸：21*14.8CM","本",40,{"v":2,"d":"2.00"},{"v":80,"d":"80.00"}]
[126,"门诊院内转诊/会诊单","60克双胶纸、单面印、50页/本","成品尺寸：21*14.8CM","本",40,{"v":2,"d":"2.00"},{"v":80,"d":"80.00"}]
[127,"普外科烧伤整形科","70克双胶纸、50页/本、双面印刷、正反不一致","成品尺寸：21*29.7CM","本",25,{"v":4,"d":"4.00"},{"v":100,"d":"100.00"}]
[128,"特殊检查治疗同意书","60双胶纸、彩色印刷、50页/本","成品尺寸：19*26.7CM","本",40,{"v":4,"d":"4.00"},{"v":160,"d":"160.00"}]
[129,"手术物品登记表","55克双胶纸、50页/本","成品尺寸：21*14.8CM","本",78,{"v":2,"d":"2.00"},{"v":156,"d":"156.00"}]
[130,"静脉输液质量跟踪卡","55克双胶纸、50份/本","成品尺寸：19*26.7CM","本",50,{"v":3,"d":"3.00"},{"v":150,"d":"150.00"}]
[131,"手术病理标本留置送检登记表","70克双胶纸、50页/本、开二个8厘孔、印红墨","成品尺寸：19*26.7CM","本",31,2.39,74.09]
[132,"急诊病人护理记录单","70克双胶纸、50页/本、双面印刷、页码1、2、1、2","成品尺寸：21*29.7CM","本",30,{"v":4,"d":"4.00"},{"v":120,"d":"120.00"}]
[133,"手术用高值医疗耗材使用登记表","70双胶纸、50页/本、双面印、正反不一致","成品尺寸：21*29.7CM","本",15,{"v":3,"d":"3.00"},{"v":45,"d":"45.00"}]
[134,"耵聍水贴纸","水特光不干胶","成品尺寸：6.3*2.5CM","张",1000,0.03,{"v":30,"d":"30.00"}]
[135,"BB胸（卡粉、蓝色）","300克双白、彩色印刷、打三厘孔、啤心形","成品尺寸：8*6.8CM","个",1800,0.09,{"v":162,"d":"162.00"}]
[136,"护理操作知情同意书","70双胶纸、50页/本","成品尺寸：21*29.7CM","本",20,{"v":3,"d":"3.00"},{"v":60,"d":"60.00"}]
[137,"麻精药品领药--交回记录表","封面150克牛皮纸、内页80双胶纸、双面印刷 、80页/本","成品尺寸：21*29.7CM","本",10,{"v":5,"d":"5.00"},{"v":50,"d":"50.00"}]
[138,"前列腺电切术后宣教","70克双胶纸、单面印刷、50页/本","成品尺寸：21*29.7CM","本",20,{"v":3,"d":"3.00"},{"v":60,"d":"60.00"}]
[139,"孕期体重管理表","70克双胶、50页/本、双面印刷、底面不同","成品尺寸：19*26.7CM","本",20,{"v":2,"d":"2.00"},{"v":40,"d":"40.00"}]
[140,"后勤仓库物品收支登记卡","300克单铜 、双面印","成品尺寸：19*26.7CM","张",300,{"v":0.5,"d":"0.50"},{"v":150,"d":"150.00"}]
[141,"血液透析知情同意书","60克双胶纸、单面印、50页/本","成品尺寸：21*29.7CM","本",20,{"v":3,"d":"3.00"},{"v":60,"d":"60.00"}]
[142,"地贫防控项目出生缺陷干预项目补助券","60双胶纸、单面印、50页/本","成品尺寸：21*14.8CM","本",30,{"v":2,"d":"2.00"},{"v":60,"d":"60.00"}]
[143,"分娩镇痛登记表","封面150克牛皮纸、内页80双胶纸、双面印刷 、50页/本","成品尺寸：21*29.7CM","本",11,{"v":3,"d":"3.00"},{"v":33,"d":"33.00"}]
[144,"麻醉科工作登记表","封面150克牛皮纸、内页80双胶纸、双面印刷 、50页/本","成品尺寸：21*29.7CM","本",11,{"v":3,"d":"3.00"},{"v":33,"d":"33.00"}]
[145,"内二科（P1/N1）两大组交班","60克双胶、50页/本","成品尺寸：19*26.7CM","本",24,{"v":3,"d":"3.00"},{"v":72,"d":"72.00"}]
[146,"旅差费报销单","100克双胶纸","成品尺寸：21*14.8CM","本",20,{"v":3,"d":"3.00"},{"v":60,"d":"60.00"}]
[147,"现金支出审批单","100克双胶纸","成品尺寸：21*14.8CM","本",20,{"v":3,"d":"3.00"},{"v":60,"d":"60.00"}]
[148,"白内障手术健康教育执行单","70克双胶、50页/本、单面印","成品尺寸：21*29.7CM","本",12,{"v":3,"d":"3.00"},{"v":36,"d":"36.00"}]
[149,"电子鼻咽镜检查预约单","60克双胶、50页/本、单面双色印","成品尺寸：21*14.8CM","本",40,{"v":3,"d":"3.00"},{"v":120,"d":"120.00"}]
[150,"普外科饮食处方","60克双胶、单面印、50页/本（内有二款不同的饮食处方）","成品尺寸：21*14.8CM","本",20,{"v":3,"d":"3.00"},{"v":60,"d":"60.00"}]
[151,"无痛胃、肠镜麻醉知情同意书","60克双胶纸、单面印、50页/本","成品尺寸：21*29.7CM","本",20,{"v":3,"d":"3.00"},{"v":60,"d":"60.00"}]
[152,"慢性鼻窦炎健康教育执行单","70克双胶、50页/本、单面印","成品尺寸：21*29.7CM","本",10,{"v":3,"d":"3.00"},{"v":30,"d":"30.00"}]
[153,"呼吸与危重症医学科护士交接班表","70克双胶纸、双面印刷、50页/本、横向印","成品尺寸：21*29.7CM","本",20,{"v":3,"d":"3.00"},{"v":60,"d":"60.00"}]
[154,"静脉化疗患者护理安全告知书","60克双胶、50页/本","成品尺寸：19*26.7CM","本",15,{"v":3,"d":"3.00"},{"v":45,"d":"45.00"}]
[155,"生育补助B超预约卷","70克双胶纸、100页/本","成品尺寸：17.8*6.2CM","本",20,{"v":2.5,"d":"2.50"},{"v":50,"d":"50.00"}]
[156,"疣手术治疗知情同意书","60双胶纸、单面印50页/本","成品尺寸：21*29.7CM","本",10,{"v":3,"d":"3.00"},{"v":30,"d":"30.00"}]
[157,"冠脉造影+支架植入术后健康宣教","70克双胶纸、双面印刷、50页/本","成品尺寸：19*26.7CM","本",10,{"v":3,"d":"3.00"},{"v":30,"d":"30.00"}]
[158,"手术室物品领（换）物单","无碳纸上白、下红、25份/本","成品尺寸：21*29.7CM","本",13,{"v":3,"d":"3.00"},{"v":39,"d":"39.00"}]
[159,"外五科出院通知单","70克双胶纸、32开印、50页/本","成品尺寸：21*14.8CM","本",10,{"v":2,"d":"2.00"},{"v":20,"d":"20.00"}]
[{"$nulls":5},"一年合计",null,201374.99]
[{"$nulls":5},"服务期限（年）",null,2]
[{"$nulls":5},"2年合计金额",null,402749.98]
["备注：                                                                                                                                                                                                                    1、上述报价为成交产品价、包装运输、送货上门、税费、设计、排版、打样等费用之和。\n①仓库的配送：医院后勤仓库设在后勤楼二楼，无电梯，货物必须送货上楼上门，按仓管员指示放至指定地方，无法提供送货上门服务的按响应无效处理。                                                                                    ②科室的配送：货物必须送货上楼上门，大部分科室有电梯，存在极少极个别科室没有电梯，供应商必须保证送货上楼上门，按科室人员要求摆放好。                                                                                                                                 2、以上所有印刷品均有可能根据医疗行业管理升级、医院管理升级、上级部门发布新文件等原因更新印刷版本，因此中标供应商需印刷前与医院确认印刷版本再进行印刷。                                                                                                                                                                                                          3、以上预计数量为往年采购数量参考值（仅供参考），并不保证中标供应商在中标服务期内发生预计采购数量的采购，实际采购数量按实际需求量进行采购。                                                                                                                                                                                                                                                                                                                                               4、货期：自供货商接到医院通知7天内供货，送货上门，配送至医院科室。                                                                                              5.本次遴选为供应商资格遴选，中标供应商与本院签订协议供货。\n5.1合同服务期限：2年；\n5.2本项目预算：41万元，实际发生年度采购金额不超出采购预算的110%，\n当满足以上两条件之一时，按医院实际需求另行申请立项和发布遴选公告。                                                                                            6.货款期：项目完成后，验收合格并收到发票后90个工作日。"]